00000000nam 2200000zi 4500
0019.947097
003CaOODSP
00520250324131006
006m     o  d f      
007cr mn|||||||||
008250120e199303  onc     o    f000 0 fre d
040 |aCaOODSP|bfre|erda|cCaOODSP
043 |an-cn---
0861 |aCo22-784/1993F-PDF
24500|aExamen du programme national d'échange de personnel spécialisé du Centre canadien de recherche sur l'informatisation du travail (CCRIT) : |brapport final.
24634|aProgramme national d'échange de personnel spécialisé du CCRIT : |brapport d'examen
264 1|a[Ottawa] : |bGouvernement du Canada, Ministère des Communications = Government of Canada, Department of Communications, |cmars 1993.
300 |a1 ressource en ligne (iii, 33 pages) + |eannexes (1 volume (en pagination multiple))
336 |atexte|btxt|2rdacontent/fre
337 |ainformatique|bc|2rdamedia/fre
338 |aressource en ligne|bcr|2rdacarrier/fre
500 |aÉdition numérisée de l'imprimé [par Innovation, sciences et développement économique Canada].
500 |aPublié aussi en anglais sous le titre : Review of national exchange program Canadian Workplace Automation Research Centre (CWARC) : final report.
650 6|aÉchanges culturels|zCanada.
7101 |aCanada. |bMinistère des communications, |eorganisme de publication.
77508|tReview of national exchange program Canadian Workplace Automation Research Centre (CWARC) : |w(CaOODSP)9.940577
85640|qPDF|s970 Ko|uhttps://publications.gc.ca/collections/collection_2025/isde-ised/co22/Co22-784-1993-fra.pdf|zRapport final
85640|qPDF|s4.94 Mo|uhttps://publications.gc.ca/collections/collection_2025/isde-ised/co22/Co22-784-1993-1-fra.pdf|zAnnexes